Procedimientos en historia : un punto de vista didáctico /

Guardado en:
Autor Principal: Trepat, Cristofol A.
Formato: Libro
Publicado: Barcelona : Grao / Ice, 1995
Series:Materiales para la innovación educativa
Materias:
Etiquetas: Agregar Etiqueta
Sin Etiquetas, Sea el primero en etiquetar este registro!
LEADER 01248nam a22002175a 4500
001 CEM.cems009456
005 20081209104214.0
008 130507s1995##################000#0#####d
003 CEMS
020 |a 8478271139 
082 0 4 |a 372.89 
100 1 |a Trepat, Cristofol A. 
245 1 0 |a Procedimientos en historia :  |b un punto de vista didáctico /  |c Cristofol A. Trepat 
260 |a Barcelona :  |b Grao / Ice,  |c 1995 
300 |a 355 p. 
490 0 |a Materiales para la innovación educativa 
505 0 |a Los procedimientos: bases teóricas -- Los procedimientos: secuenciación -- Enseñanza y aprendizaje de los procedimientos -- Evaluación y procedimientos -- La historia y sus procedimientos -- Uso y proceso de fuentes para obtener información de naturaleza histórica. Las fuentes primarias -- Uso y proceso de fuentes para obtener información de naturaleza histórica. Las fuentes secundarias -- Aplicación de categorías temporales y de tiempo histórico -- Explicaciones y empatía en historia -- Vocabulario histórico y comunicación de información en historia 
653 |a Historia-didáctica de la 
653 |a Didáctica de la historia 
653 |a Historia-enseñanza 
859 |a CEMS  |b BIB. CEMS - 11 de abril  |h 372.89  |i T724  |p 19194.97  |t Ej.1